द थ्री मिस्टेक्स ऑफ माय लाईफ / (Record no. 52540)

MARC details
000 -LEADER
fixed length control field 01124nam a22002537a 4500
005 - DATE AND TIME OF LATEST TRANSACTION
control field 20110125140113.0
008 - FIXED-LENGTH DATA ELEMENTS--GENERAL INFORMATION
fixed length control field 110125t xxu||||| |||| 00| 0 mar d
010 ## - LCCN (DPL NO)
LC control number MAR-20873
020 ## - INTERNATIONAL STANDARD BOOK NUMBER
Terms of availability 220.00
International Standard Book Number 9788184980806
035 ## - SYSTEM CONTROL NUMBER
System control number MR-13531
037 ## - SOURCE OF ACQUISITION
Source of stock number/acquisition DBAD / PUB
040 ## - CATALOGING SOURCE
Original cataloging agency DPL
Language of cataloging MR
082 ## - DEWEY DECIMAL CLASSIFICATION NUMBER
Classification number 823
100 ## - MAIN ENTRY--PERSONAL NAME
9 (RLIN) 25582
Personal name भगत,चेतन
245 ## - TITLE STATEMENT
Title द थ्री मिस्टेक्स ऑफ माय लाईफ /
Statement of responsibility, etc चेतन भगत : सुप्रिया वकील द्वारा अनुववादित
246 ## - VARYING FORM OF TITLE
Title proper/short title The 3 Mistakes of My Life
Remainder of title by Chetan Bhagat
260 ## - PUBLICATION, DISTRIBUTION, ETC. (IMPRINT)
Place of publication, distribution, etc मेहता पब्लिसिंग हाऊस
Name of publisher, distributor, etc पुणे
Date of publication, distribution, etc 2009
270 ## - ADDRESS
Address 1941,सदाशिव पेठ,माडीवाले कॉलनी
City पुणे
Postal code 411030
300 ## - PHYSICAL DESCRIPTION
Extent सहा,256पृ
Dimensions 21सेमी (अजिल्द)
650 ## - SUBJECT ADDED ENTRY--TOPICAL TERM
9 (RLIN) 28226
650 ## - SUBJECT ADDED ENTRY--TOPICAL TERM
9 (RLIN) 28227
942 ## - ADDED ENTRY ELEMENTS (KOHA)
Source of classification or shelving scheme Dewey Decimal Classification
Item type Marathi Books
Classification part 823
Call number suffix भगत
Holdings
Withdrawn status Lost status Source of classification or shelving scheme Damaged status Not for loan Collection code Home library Current library Date acquired Source of acquisition Cost, normal purchase price Total Checkouts Full call number Barcode Date last seen Copy number Cost, replacement price Koha item type
    Dewey Decimal Classification   Not For Loan Fiction D.B.Act.Division D.B.Act.Division 24/05/2011 DBAD / PUB 220.00   823 भगत MR-13531 24/05/2011 100.00 220.00 Marathi Books

© Delhi Public Library
Hit Counter
free hit counter